[Event "Karlsruhe Grenke op"]
[Site "Karlsruhe"]
[Date "2025.04.18"]
[Round "3"]
[White "Czopor, Maciej"]
[Black "Agrest, Inna"]
[Result "1/2-1/2"]
[WhiteElo "2412"]
[BlackElo "2227"]
[PlyCount "79"]
[EventDate "2025.04.17"]
[EventType "swiss"]
[EventRounds "9"]
[EventCountry "GER"]
[SourceTitle "CB17_2025"]
[SourceDate "2025.04.23"]
[SourceVersion "1"]
[SourceVersionDate "2025.04.23"]
[SourceQuality "1"]

1. c4 e6 2. Nf3 d5 3. e3 c5 4. cxd5 exd5 5. d4 a6 6. Nc3 Nf6 7. Be2 Nc6 8. 0-0 Bd6 9. dxc5 Bxc5 10. b3 0-0 11. Bb2 Be6 12. Rc1 Bd6 13. Nd4 Rc8 14. Na4 Ne7 15. Nxe6 fxe6 16. Bg4 Rxc1 17. Bxe6+ Kh8 18. Qxc1 Bxh2+ 19. Kxh2 Qd6+ 20. Kg1 Qxe6 21. Qc7 Rc8 22. Qxb7 Ng4 23. Qb4 Rc2 24. Qb8+ Ng8 25. Qf4 Qg6 26. a3 h6 27. Bd4 N8f6 28. Nc5 Ne4 29. Qb8+ Kh7 30. Nd7 Qf7 31. Nf8+ Kg8 32. Ne6+ Kh7 33. Qf8 Qxf8 34. Nxf8+ Kg8 35. Ng6 Ngxf2 36. Ne7+ Kh7 37. Nxd5 Ng4 38. Rf4 Rc1+ 39. Rf1 Rc2 40. Rf4 1/2-1/2

[Event "BL 2425 (Women)"]
[Site "Germany"]
[Date "2025.03.15"]
[Round "7.4"]
[White "Schloffer, Jasmin Denise"]
[Black "Agrest, Inna"]
[Result "1/2-1/2"]
[WhiteElo "2168"]
[BlackElo "2187"]
[PlyCount "98"]
[EventDate "2024.11.16"]
[EventType "team-tourn"]
[EventRounds "11"]
[EventCountry "GER"]
[SourceTitle "CB14_2025"]
[SourceDate "2024.11.01"]
[SourceVersion "1"]
[SourceVersionDate "2024.11.01"]
[SourceQuality "1"]
[WhiteTeam "Bayern Muenchen (W)"]
[BlackTeam "Solingen (W)"]
[WhiteTeamCountry "GER"]
[BlackTeamCountry "GER"]

1. d4 d5 2. c4 e6 3. Nf3 c5 4. cxd5 exd5 5. g3 Nc6 6. Bg2 Nf6 7. 0-0 Be7 8. dxc5 Bxc5 9. a3 Ne4 10. Nfd2 f5 11. Nc3 Be6 12. Nb3 Bb6 13. Na4 0-0 14. Nxb6 axb6 15. Be3 Ne5 16. Nd4 Qe7 17. Nxe6 Qxe6 18. Qd4 b5 19. Rfd1 Rfd8 20. Qb4 Nc6 21. Qb3 Rd7 22. Rac1 Qf7 23. f3 Nf6 24. Qxb5 d4 25. Bf2 f4 26. Bh3 Rd5 27. Qb3 Re8 28. Rc2 Kh8 29. Rcd2 Qc7 30. Qc4 b5 31. Qc2 Qd6 32. Rd3 h6 33. Qd2 fxg3 34. Bxg3 Qe7 35. Qc2 Rc5 36. Qd2 Qxe2 37. Re1 Qxd2 38. Rxe8+ Nxe8 39. Rxd2 Nf6 40. Bg2 Nd5 41. f4 Ne3 42. Bxc6 Rxc6 43. Rxd4 Rc1+ 44. Kf2 Nd1+ 45. Kf3 Nxb2 46. Rb4 Nc4 47. Rxb5 Rc3+ 48. Kg4 Rxa3 49. f5 Ra5 1/2-1/2

[Event "EU-ch rapid (Women)"]
[Site "Monaco"]
[Date "2025.01.12"]
[Round "7"]
[White "Agrest, Inna"]
[Black "Khotenashvili, Bela"]
[Result "0-1"]
[WhiteElo "2159"]
[BlackElo "2420"]
[PlyCount "72"]
[EventDate "2025.01.11"]
[EventType "swiss (rapid)"]
[EventRounds "11"]
[EventCountry "MNC"]
[SourceTitle "CB03_2025"]
[SourceDate "2025.01.15"]
[SourceVersion "1"]
[SourceVersionDate "2025.01.15"]
[SourceQuality "1"]

1. e4 c6 2. d4 d5 3. e5 Bf5 4. h4 h5 5. Bd3 Bxd3 6. Qxd3 Qa5+ 7. Nd2 e6 8. Ngf3 Ne7 9. 0-0 Qa6 10. c4 Nf5 11. b3 Be7 12. g3 0-0 13. Rd1 Rd8 14. Qc2 c5 15. dxc5 Nc6 16. cxd5 Rxd5 17. Qc4 Bxc5 18. Kg2 Nxe5 19. Qxa6 bxa6 20. Re1 Ng4 21. Ne4 Bb6 22. Bb2 Rad8 23. Rac1 f6 24. Rc6 e5 25. Rec1 Nd6 26. Nc3 Rd3 27. Nd1 Ne4 28. Nc3 Nexf2 29. Na4 Be3 30. R1c2 Nd1 31. Ba3 e4 32. Ne1 Rd2+ 33. Kh1 Bf2 34. Ng2 Bxg3 35. Bb4 Ndf2+ 36. Kg1 Nh3+ 0-1

[Event "EU-ch blitz (Women)"]
[Site "Monaco"]
[Date "2025.01.10"]
[Round "13"]
[White "Kanyamarala, Trisha"]
[Black "Agrest, Inna"]
[Result "1-0"]
[WhiteElo "2158"]
[BlackElo "2159"]
[PlyCount "205"]
[EventDate "2025.01.10"]
[EventType "swiss (blitz)"]
[EventRounds "13"]
[EventCountry "MNC"]
[SourceTitle "CB03_2025"]
[SourceDate "2025.01.15"]
[SourceVersion "1"]
[SourceVersionDate "2025.01.15"]
[SourceQuality "1"]

1. d4 d5 2. c4 e6 3. Nf3 c5 4. cxd5 exd5 5. Nc3 Nf6 6. g3 Nc6 7. Bg2 cxd4 8. Nxd4 Bc5 9. Nb3 Bb6 10. Nxd5 Nxd5 11. Qxd5 Qxd5 12. Bxd5 Nb4 13. Be4 f5 14. Bb1 Be6 15. Bd2 Nc6 16. Bc3 0-0 17. 0-0 a5 18. Bd3 Nb4 19. Bb1 Nc6 20. Rd1 Rfd8 21. Bc2 Nb4 22. Bxb4 axb4 23. Rxd8+ Rxd8 24. Rd1 Rc8 25. Bd3 Kf7 26. Kg2 g6 27. f3 Be3 28. Re1 Ra8 29. Nc1 Ke7 30. b3 Kd6 31. Bb1 Ke7 32. Nd3 Bd2 33. Rd1 Bc3 34. Nf4 Ra5 35. Nd3 Rd5 36. e4 fxe4 37. fxe4 Ra5 38. h3 g5 39. Ne1 h6 40. Nf3 Ra8 41. Ng1 Rc8 42. Ne2 Be5 43. Ng1 Rc3 44. Ne2 Re3 45. Kf2 Rxe2+ 46. Kxe2 Bxg3 47. Rd3 Be5 48. Bc2 h5 49. Kf2 h4 50. Bd1 Bd7 51. Bf3 Bf4 52. Rd1 Bb5 53. Be2 Bc6 54. Kf3 Ke6 55. Bc4+ Ke7 56. Bd5 Bd7 57. Rh1 b6 58. Bc4 Kd6 59. Rd1+ Ke7 60. Bf1 Be6 61. Bg2 Be5 62. Bf1 Bf4 63. Rd4 Bd6 64. Rd1 Bf4 65. Bg2 Be5 66. Bf1 Bf4 67. Re1 Be5 68. Rd1 Bf4 69. Bg2 Be5 70. Rc1 Kd7 71. Bf1 Bf4 72. Rc2 Be5 73. Kg2 Ke7 74. Be2 Bf4 75. Bg4 Bf7 76. Rc6 Be3 77. Rc7+ Kf6 78. Rc6+ Ke7 79. Rc7+ Kf8 80. e5 Bf4 81. Rc8+ Ke7 82. Rb8 Bxe5 83. Rb7+ Kf8 84. Rxb6 Bd5+ 85. Kf1 Bf4 86. Rxb4 Ke7 87. Ra4 Kd6 88. Ra6+ Kc5 89. Ra5+ Kd6 90. b4 Bd2 91. a3 Be3 92. Ra6+ Ke5 93. Ra5 Kd4 94. Be2 Be6 95. Kg2 Bd5+ 96. Bf3 Bc4 97. Rc5 Bc1 98. a4 Bd2 99. Rf5 Bf4 100. b5 Kc3 101. b6 Ba6 102. b7 Bc4 103. Rxf4 1-0

[Event "Wch Blitz (Women)"]
[Site "New York"]
[Date "2024.12.30"]
[Round "4"]
[White "Kaldarova, Ayaulym"]
[Black "Agrest, Inna"]
[Result "0-1"]
[WhiteElo "2144"]
[BlackElo "2155"]
[PlyCount "70"]
[EventDate "2024.12.30"]
[EventType "swiss (blitz)"]
[EventRounds "11"]
[EventCountry "USA"]
[SourceTitle "CB01_2025"]
[SourceDate "2025.01.01"]
[SourceVersion "1"]
[SourceVersionDate "2025.01.01"]
[SourceQuality "1"]

1. Nf3 d5 2. g3 c5 3. Bg2 Nc6 4. d4 e6 5. 0-0 Nf6 6. c4 Be7 7. cxd5 exd5 8. Nc3 0-0 9. Bg5 Be6 10. Rc1 c4 11. b3 cxb3 12. Qxb3 Na5 13. Qb1 h6 14. Bf4 Bd6 15. Ne5 a6 16. Na4 Rc8 17. Nb6 Rc7 18. Bd2 Nc6 19. Nxc6 Rxc6 20. Rxc6 bxc6 21. a4 Ne4 22. Rd1 Bf5 23. Qb3 Qf6 24. Be1 Rb8 25. a5 h5 26. Qa4 Bc7 27. Rc1 Bxb6 28. Rxc6 Qxd4 29. Rxb6 Qxa4 30. Rxb8+ Kh7 31. Rb6 Qa1 32. Bxe4 Qxe1+ 33. Kg2 Bxe4+ 34. f3 Qxe2+ 35. Kh3 Qxf3 0-1

[Event "Wch Blitz (Women)"]
[Site "New York"]
[Date "2024.12.30"]
[Round "2"]
[White "Lei, Tingjie"]
[Black "Agrest, Inna"]
[Result "1-0"]
[WhiteElo "2549"]
[BlackElo "2155"]
[PlyCount "97"]
[EventDate "2024.12.30"]
[EventType "swiss (blitz)"]
[EventRounds "11"]
[EventCountry "USA"]
[SourceTitle "CB01_2025"]
[SourceDate "2025.01.01"]
[SourceVersion "1"]
[SourceVersionDate "2025.01.01"]
[SourceQuality "1"]

1. e4 e5 2. Nf3 Nc6 3. Bc4 Nf6 4. d3 h6 5. 0-0 d6 6. c3 g5 7. a4 Bg7 8. Re1 0-0 9. a5 Ne7 10. Nbd2 Ng6 11. Nf1 c6 12. b4 d5 13. exd5 cxd5 14. Bb3 Re8 15. d4 e4 16. Ne5 Nxe5 17. dxe5 Rxe5 18. Be3 Re8 19. Bd4 Be6 20. Ne3 Rc8 21. Qd2 Qc7 22. Rac1 Red8 23. Bxa7 Nd7 24. Nxd5 Qd6 25. Red1 Be5 26. g3 Bg4 27. Re1 Bf3 28. c4 Qe6 29. Ne3 Nc5 30. Qc2 Nd3 31. c5 Qh3 32. Bc4 Nxc1 33. Rxc1 Bd4 34. Bb6 Bxe3 35. fxe3 Rd7 36. Bb5 Rd5 37. Bf1 Qh5 38. a6 bxa6 39. Bxa6 Re8 40. Bc4 Rf5 41. c6 Rf6 42. b5 Rd6 43. Bc5 Rd3 44. Bxd3 exd3 45. Qf2 Be4 46. Rf1 Re5 47. Bd4 Rxb5 48. Qf6 Kf8 49. Qd8# 1-0

[Event "Wch Rapid (Women)"]
[Site "New York"]
[Date "2024.12.27"]
[Round "8"]
[White "Agrest, Inna"]
[Black "Nilssen, Ellen Fredericia"]
[Result "1/2-1/2"]
[WhiteElo "2248"]
[BlackElo "2071"]
[PlyCount "108"]
[EventDate "2024.12.26"]
[EventType "swiss (rapid)"]
[EventRounds "11"]
[EventCountry "USA"]
[SourceTitle "CB01_2025"]
[SourceDate "2025.01.01"]
[SourceVersion "1"]
[SourceVersionDate "2025.01.01"]
[SourceQuality "1"]

1. e4 e6 2. d4 d5 3. Nc3 Bb4 4. Nge2 Nf6 5. Bg5 h6 6. Bxf6 Qxf6 7. a3 Bxc3+ 8. Nxc3 dxe4 9. Nxe4 Qe7 10. Qd2 Bd7 11. 0-0-0 Bc6 12. f3 Nd7 13. Bd3 0-0-0 14. Rhe1 Nf6 15. Nxf6 Qxf6 16. Be4 Bd5 17. Kb1 Kb8 18. Qb4 Rhe8 19. Bd3 Bc6 20. Be4 Bd5 21. Rd3 Qe7 22. Qd2 Qg5 23. f4 Qf6 24. g3 g5 25. Qg2 c6 26. fxg5 hxg5 27. Qd2 Bxe4 28. Rxe4 Rh8 29. Re5 Rd5 30. Rxd5 cxd5 31. Qb4 Qd8 32. Rb3 Qd7 33. Qd2 Qe7 34. Qe2 Ka8 35. Rc3 Qd6 36. Qf3 f5 37. Qe2 a6 38. Re3 Rh6 39. Re5 Qb6 40. Qd2 Ka7 41. Re3 Qd6 42. Rb3 f4 43. Ka2 Rf6 44. Qe2 Rf5 45. Qh5 Qc7 46. Rc3 Qf7 47. Qxf7 Rxf7 48. gxf4 Rxf4 49. Re3 Rxd4 50. Rxe6 Rd2 51. Re5 g4 52. Kb3 Rxh2 53. Rxd5 Kb6 54. Rg5 Rg2 1/2-1/2

[Event "Wolfsberg NSV 100 Ann"]
[Site "Wolfsberg"]
[Date "2024.11.21"]
[Round "9"]
[White "Agrest, Inna"]
[Black "Korchynskyi, Mykola"]
[Result "1/2-1/2"]
[WhiteElo "2187"]
[BlackElo "2330"]
[PlyCount "157"]
[EventDate "2024.11.16"]
[EventType "swiss"]
[EventRounds "9"]
[EventCountry "AUT"]
[SourceTitle "CB48_2024"]
[SourceDate "2024.11.28"]
[SourceVersion "1"]
[SourceVersionDate "2024.11.28"]
[SourceQuality "1"]

1. e4 c6 2. d4 d5 3. e5 Bf5 4. h4 h5 5. Bd3 Bxd3 6. Qxd3 Qa5+ 7. Nd2 e6 8. Ngf3 Nh6 9. 0-0 Nf5 10. c3 Qa6 11. Qc2 c5 12. dxc5 Bxc5 13. Nb3 b6 14. Bg5 Nc6 15. Rad1 Rc8 16. Rfe1 0-0 17. a3 Rc7 18. Nc1 Rfc8 19. Nd3 Be7 20. Nf4 Bxg5 21. Nxg5 g6 22. g3 d4 23. cxd4 Ncxd4 24. Qe4 Rc4 25. Qd3 Qb7 26. Re4 b5 27. Ne2 Nxe2+ 28. Qxe2 Rc2 29. Qd3 Rxb2 30. Qd7 Qxd7 31. Rxd7 Nxg3 32. Re1 Nf5 33. Rxf7 Rf8 34. Rxf8+ Kxf8 35. Nxe6+ Ke7 36. Nf4 Nxh4 37. Re3 Rd2 38. Rc3 g5 39. Nxh5 Ke6 40. Rc7 a5 41. Ra7 a4 42. Rb7 Nf3+ 43. Kg2 Nd4 44. Rg7 b4 45. axb4 a3 46. Rg6+ Kf5 47. Ra6 a2 48. b5 Kxe5 49. b6 Kd6 50. Ng3 Kc6 51. Ne4 Rc2 52. Nc3 Rxc3 53. Rxa2 Kxb6 54. Ra8 Kc7 55. Re8 Kd6 56. Re4 Ne6 57. f3 Ke7 58. Kg3 Kf6 59. Ra4 Kf5 60. Rb4 Rc5 61. Ra4 Nf4 62. Ra2 Rb5 63. Rc2 Rb1 64. Rc5+ Kg6 65. Rc6+ Kh5 66. Rc2 Rg1+ 67. Kh2 Re1 68. Kg3 Re2 69. Ra2 Re3 70. Rh2+ Kg6 71. Ra2 Kf5 72. Ra5+ Re5 73. Ra2 Rd5 74. Rb2 Ng6 75. Rb8 Rd3 76. Kf2 Rd2+ 77. Kg3 Nf4 78. Rb5+ Kg6 79. Rxg5+ 1/2-1/2

[Event "Wolfsberg NSV 100 Ann"]
[Site "Wolfsberg"]
[Date "2024.11.20"]
[Round "7"]
[White "Agrest, Inna"]
[Black "Giorgadze, Giorgi2"]
[Result "0-1"]
[WhiteElo "2187"]
[BlackElo "2232"]
[PlyCount "116"]
[EventDate "2024.11.16"]
[EventType "swiss"]
[EventRounds "9"]
[EventCountry "AUT"]
[SourceTitle "CB48_2024"]
[SourceDate "2024.11.28"]
[SourceVersion "1"]
[SourceVersionDate "2024.11.28"]
[SourceQuality "1"]

1. e4 e6 2. d4 d5 3. Nc3 dxe4 4. Nxe4 Nd7 5. Nf3 Ngf6 6. Bg5 h6 7. Nxf6+ Nxf6 8. Be3 Bd6 9. Bd3 0-0 10. Qd2 Nd5 11. 0-0-0 Nb4 12. Kb1 Nxd3 13. Qxd3 b6 14. h4 Bb7 15. Rh3 Qf6 16. g4 Qg6 17. Qxg6 fxg6 18. Ne5 Bxe5 19. dxe5 Bf3 20. Rg1 Rad8 21. b3 Rf7 22. Kb2 c5 23. Kc3 Rc8 24. Rgg3 Bd5 25. f4 a5 26. h5 c4 27. Kb2 cxb3 28. axb3 gxh5 29. Rxh5 b5 30. f5 Rfc7 31. Rh2 Be4 32. f6 Rxc2+ 33. Rxc2 Rxc2+ 34. Ka1 Rc3 35. Kb2 Rd3 36. Bf4 Rxg3 37. Bxg3 Bf3 38. Be1 a4 39. bxa4 bxa4 40. g5 hxg5 41. Kc2 Kf7 42. Bc3 Kg6 43. Kd3 a3 44. Ke3 Bc6 45. Ba1 a2 46. Bb2 Be8 47. Ke4 Bf7 48. Bc3 Bg8 49. Bb2 Kh5 50. Kf3 g4+ 51. Kg3 gxf6 52. exf6 Kg5 53. Bc3 Kf5 54. Bb2 e5 55. Bc3 Be6 56. Kf2 Kxf6 57. Ke3 Kf5 58. Bb2 Bd5 0-1

[Event "Wolfsberg NSV 100 Ann"]
[Site "Wolfsberg"]
[Date "2024.11.19"]
[Round "6"]
[White "Besou, Hussain"]
[Black "Agrest, Inna"]
[Result "1-0"]
[WhiteElo "2349"]
[BlackElo "2187"]
[PlyCount "143"]
[EventDate "2024.11.16"]
[EventType "swiss"]
[EventRounds "9"]
[EventCountry "AUT"]
[SourceTitle "CB48_2024"]
[SourceDate "2024.11.28"]
[SourceVersion "1"]
[SourceVersionDate "2024.11.28"]
[SourceQuality "1"]

1. e4 e5 2. Nf3 Nc6 3. Bb5 a6 4. Ba4 Bc5 5. c3 Nge7 6. 0-0 Ba7 7. d4 Ng6 8. Bg5 f6 9. Be3 0-0 10. d5 Nce7 11. Bxa7 Rxa7 12. d6 cxd6 13. Qxd6 b5 14. Bb3+ Kh8 15. a4 bxa4 16. Bxa4 Rb7 17. Nbd2 Rb6 18. Qa3 d5 19. exd5 Qxd5 20. c4 Qe6 21. c5 Rb8 22. Bb3 Qg4 23. h3 Qh5 24. Bc2 Nf4 25. Ne4 Qg6 26. Nh4 Qh6 27. g3 Ne2+ 28. Kh2 g5 29. Qe3 Nd4 30. Bd1 Ng8 31. Nf3 Bxh3 32. Rh1 Bf5+ 33. Kg2 Qg6 34. Nexg5 fxg5 35. Qxe5+ Qf6 36. Qxf6+ Rxf6 37. Nxd4 Be4+ 38. f3 Rxb2+ 39. Kg1 Bd5 40. Rh2 Rb4 41. Rd2 Rc4 42. Ra5 Ne7 43. Be2 Rc1+ 44. Rd1 Rxd1+ 45. Bxd1 Kg7 46. c6 Bxc6 47. Rxg5+ Rg6 48. Re5 Kf8 49. Kf2 Rd6 50. Ke3 Bd7 51. Rc5 Nd5+ 52. Ke4 Nf6+ 53. Ke5 Ke7 54. Bb3 Rb6 55. Rc7 Kd8 56. Ra7 Kc8 57. Bc4 Bb5 58. Nxb5 axb5 59. Be6+ Kb8 60. Rf7 Nh5 61. g4 Ng3 62. Rxh7 b4 63. g5 b3 64. g6 Rb5+ 65. Kf6 b2 66. g7 Nh5+ 67. Rxh5 b1Q 68. g8Q+ Ka7 69. Rxb5 Qxb5 70. Qg1+ Kb7 71. Qd4 Qf1 72. Bd5+ 1-0

[Event "Olympiad Women-45"]
[Site "Budapest"]
[Date "2024.09.15"]
[Round "5.8"]
[White "Agrest, Inna"]
[Black "Paehtz, Elisabeth"]
[Result "0-1"]
[WhiteElo "2197"]
[BlackElo "2455"]
[PlyCount "72"]
[EventDate "2024.09.11"]
[EventType "team-swiss"]
[EventRounds "11"]
[EventCountry "HUN"]
[SourceTitle "EXT 2025"]
[Source "ChessBase"]
[SourceDate "2024.10.14"]
[SourceVersion "1"]
[SourceVersionDate "2024.10.14"]
[SourceQuality "1"]
[WhiteTeam "Sweden (W)"]
[BlackTeam "Germany (W)"]
[WhiteTeamCountry "SWE"]
[BlackTeamCountry "GER"]

1. e4 c6 2. d4 d5 3. e5 Bf5 4. h4 Qc7 5. Nc3 h6 6. Bd3 Bxd3 7. cxd3 e6 8. Nf3 h5 9. 0-0 Nd7 10. a3 Ne7 11. b4 Nf5 12. Ne2 Be7 13. Ng3 Nxh4 14. Nxh4 Bxh4 15. Nxh5 0-0-0 16. g3 Be7 17. Kg2 Rh7 18. Rh1 Rdh8 19. g4 g6 20. Ng3 Rxh1 21. Nxh1 f6 22. f4 Qb6 23. Qe2 Qxd4 24. Ra2 fxe5 25. Rc2 Qb6 26. fxe5 Qd4 27. Nf2 Rh4 28. Qe3 Qxe3 29. Bxe3 Nxe5 30. Bxa7 Nxg4 31. Re2 Kd7 32. Nh3 Nh6 33. Bf2 Rh5 34. Nf4 Rg5+ 35. Kf3 Rf5 36. Bg3 g5 0-1

[Event "Olympiad Women-45"]
[Site "Budapest"]
[Date "2024.09.12"]
[Round "2.33"]
[White "Zhang, Jasmine Haomo"]
[Black "Agrest, Inna"]
[Result "1/2-1/2"]
[WhiteElo "1956"]
[BlackElo "2197"]
[PlyCount "56"]
[EventDate "2024.09.11"]
[EventType "team-swiss"]
[EventRounds "11"]
[EventCountry "HUN"]
[SourceTitle "EXT 2025"]
[Source "ChessBase"]
[SourceDate "2024.10.14"]
[SourceVersion "1"]
[SourceVersionDate "2024.10.14"]
[SourceQuality "1"]
[WhiteTeam "New Zealand (W)"]
[BlackTeam "Sweden (W)"]
[WhiteTeamCountry "NZL"]
[BlackTeamCountry "SWE"]

1. d4 Nf6 2. c4 g6 3. Nc3 Bg7 4. e4 d6 5. h3 0-0 6. Be3 Nc6 7. Nge2 e5 8. d5 Nd4 9. Nxd4 exd4 10. Bxd4 Nxe4 11. Nxe4 Re8 12. f3 f5 13. Bxg7 Kxg7 14. Qd4+ Kg8 15. Bd3 fxe4 16. Bxe4 Qh4+ 17. Qf2 Rxe4+ 18. fxe4 Qxe4+ 19. Qe2 Qh4+ 20. Kd2 Qd4+ 21. Kc1 Bd7 22. Rd1 Qf4+ 23. Qd2 Qxc4+ 24. Qc2 Qf4+ 25. Qd2 Qc4+ 26. Qc2 Qf4+ 27. Qd2 Qc4+ 28. Qc2 Qf4+ 1/2-1/2

[Event "Speed Chess (Women) Play In 4"]
[Site "Chess.com INT"]
[Date "2024.08.16"]
[Round "1"]
[White "Agrest, Inna"]
[Black "Tokhirjonova, Gulruhbegim"]
[Result "1-0"]
[WhiteElo "2197"]
[BlackElo "2380"]
[PlyCount "93"]
[EventDate "2024.08.16"]
[EventType "swiss (blitz)"]
[EventRounds "11"]
[EventCountry "USA"]
[SourceTitle "CBM 221 Extra"]
[Source "ChessBase"]
[SourceDate "2024.09.30"]
[SourceVersion "1"]
[SourceVersionDate "2024.09.30"]
[SourceQuality "1"]

1. e4 e5 2. Nf3 Nc6 3. Bb5 a6 4. Ba4 Nf6 5. 0-0 Be7 6. Re1 b5 7. Bb3 d6 8. c3 0-0 9. h3 Nb8 10. d4 Nbd7 11. Nbd2 Bb7 12. a4 c5 13. d5 c4 14. Bc2 Nc5 15. Nf1 Qc7 16. Ng3 bxa4 17. Be3 Nfd7 18. Nf5 Bf6 19. Nd2 Nb6 20. Qf3 Bc8 21. g4 Bxf5 22. exf5 Qb7 23. Bxc5 dxc5 24. Ne4 Be7 25. f6 gxf6 26. d6 Kg7 27. dxe7 Qxe7 28. Rad1 Rad8 29. Qf5 Rh8 30. Rxd8 Qxd8 31. Nxc5 Qe7 32. Ne4 Nd5 33. Ng3 Kf8 34. Qe4 Qe6 35. Nf5 Rg8 36. Kh2 h5 37. f3 hxg4 38. fxg4 Rh8 39. Kg3 Kg8 40. Rd1 Nf4 41. h4 Qe8 42. Nd6 Qf8 43. Nf5 Ne6 44. Rd7 Rh7 45. Ne7+ Qxe7 46. Qxh7+ Kf8 47. Qh8# 1-0

[Event "Speed Chess (Women) Play In 4"]
[Site "Chess.com INT"]
[Date "2024.08.16"]
[Round "4"]
[White "Henderson de la Fuente, Andrea"]
[Black "Agrest, Inna"]
[Result "0-1"]
[WhiteElo "1986"]
[BlackElo "2197"]
[PlyCount "122"]
[EventDate "2024.08.16"]
[EventType "swiss (blitz)"]
[EventRounds "11"]
[EventCountry "USA"]
[SourceTitle "CBM 221 Extra"]
[Source "ChessBase"]
[SourceDate "2024.09.30"]
[SourceVersion "1"]
[SourceVersionDate "2024.09.30"]
[SourceQuality "1"]

1. e4 e5 2. Nf3 Nc6 3. Bb5 a6 4. Ba4 Nf6 5. d3 b5 6. Bb3 Bc5 7. 0-0 d6 8. c3 0-0 9. Nbd2 Bb6 10. h3 Nh5 11. Re1 Nf4 12. Nf1 Qf6 13. Ne3 Ne7 14. d4 Neg6 15. dxe5 dxe5 16. Nd5 Nxd5 17. Bxd5 Rb8 18. Bg5 Qd6 19. Qc2 c6 20. Bb3 h6 21. Rad1 Qc7 22. Be3 Bxe3 23. fxe3 Kh8 24. Qd2 a5 25. a3 Bb7 26. Qd6 Qxd6 27. Rxd6 Rbd8 28. Red1 Rxd6 29. Rxd6 f6 30. Rd7 Ba8 31. Bf7 Kh7 32. h4 Nh8 33. Be6 h5 34. Bf5+ Kh6 35. Nh2 Nf7 36. g4 g6 37. Be6 Nd8 38. Bb3 c5 39. gxh5 gxh5 40. Bd5 Bxd5 41. exd5 Nf7 42. Kf2 Kg6 43. Nf3 Rb8 44. b3 c4 45. b4 axb4 46. axb4 Ra8 47. Rb7 Nd6 48. Rb6 Ne4+ 49. Ke1 Nxc3 50. Nxe5+ Kf5 51. Nd7 Ra2 52. Rxf6+ Ke4 53. d6 Kxe3 54. Re6+ Ne4 55. Kd1 c3 56. Nc5 Ra1+ 57. Kc2 Ra2+ 58. Kb3 Rb2+ 59. Ka3 c2 60. Rxe4+ Kf2 61. Rf4+ Kg3 0-1

[Event "Speed Chess (Women) Play In 4"]
[Site "Chess.com INT"]
[Date "2024.08.16"]
[Round "9"]
[White "Pogorelskikh, Sofia"]
[Black "Agrest, Inna"]
[Result "0-1"]
[WhiteElo "2176"]
[BlackElo "2197"]
[PlyCount "86"]
[EventDate "2024.08.16"]
[EventType "swiss (blitz)"]
[EventRounds "11"]
[EventCountry "USA"]
[SourceTitle "CBM 221 Extra"]
[Source "ChessBase"]
[SourceDate "2024.09.30"]
[SourceVersion "1"]
[SourceVersionDate "2024.09.30"]
[SourceQuality "1"]

1. e4 e5 2. Nf3 Nc6 3. Bc4 Nf6 4. Nc3 Nxe4 5. Nxe4 d5 6. Bxd5 Qxd5 7. Nc3 Qe6 8. d3 Be7 9. Be3 0-0 10. Qd2 a6 11. 0-0-0 b5 12. Kb1 Rd8 13. Ne4 Nb4 14. b3 Nd5 15. Bc5 b4 16. Kb2 a5 17. Bxe7 Qxe7 18. c4 bxc3+ 19. Nxc3 Nb4 20. Qe3 Bf5 21. d4 e4 22. Ne5 c5 23. f4 exf3 24. gxf3 cxd4 25. Rxd4 Rxd4 26. Qxd4 Qxe5 27. Qxe5 Nd3+ 28. Ka3 Nxe5 29. f4 Nc6 30. Rc1 Nb4 31. Na4 h5 32. Rc5 Bd7 33. h4 Bxa4 34. Kxa4 Nxa2 35. Rxa5 Rxa5+ 36. Kxa5 Kf8 37. b4 Ke7 38. b5 Kd7 39. Ka6 Nb4+ 40. Ka7 Kc8 41. b6 Nc6+ 42. Ka8 g6 43. b7+ Kc7 0-1

[Event "Speed Chess (Women) Play In 3"]
[Site "Chess.com INT"]
[Date "2024.08.15"]
[Round "1"]
[White "Agrest, Inna"]
[Black "Roebers, Eline"]
[Result "0-1"]
[WhiteElo "2197"]
[BlackElo "2315"]
[PlyCount "62"]
[EventDate "2024.08.15"]
[EventType "swiss (blitz)"]
[EventRounds "11"]
[EventCountry "USA"]
[SourceTitle "CBM 221 Extra"]
[Source "ChessBase"]
[SourceDate "2024.09.30"]
[SourceVersion "1"]
[SourceVersionDate "2024.09.30"]
[SourceQuality "1"]

1. e4 c5 2. Nf3 e6 3. d4 cxd4 4. Nxd4 Nf6 5. Nc3 Nc6 6. Nxc6 bxc6 7. e5 Nd5 8. Ne4 Qc7 9. f4 Rb8 10. Bd3 Qb6 11. Qe2 Nb4 12. Bc4 Be7 13. a3 Nd5 14. Bd3 f5 15. exf6 Nxf6 16. c3 c5 17. Rb1 Bb7 18. Bc2 0-0 19. 0-0 Ba6 20. c4 d5 21. Nxf6+ Bxf6 22. b3 Qd6 23. Kh1 Rbe8 24. Bb2 Bxb2 25. Rxb2 dxc4 26. bxc4 Qd4 27. Bd3 e5 28. Rbb1 e4 29. Bc2 Bxc4 30. Qh5 Bxf1 31. Rxf1 Qc4 0-1

[Event "Speed Chess (Women) Play In 3"]
[Site "Chess.com INT"]
[Date "2024.08.15"]
[Round "3"]
[White "Campos, Maria Jose"]
[Black "Agrest, Inna"]
[Result "1-0"]
[WhiteElo "2281"]
[BlackElo "2197"]
[PlyCount "81"]
[EventDate "2024.08.15"]
[EventType "swiss (blitz)"]
[EventRounds "11"]
[EventCountry "USA"]
[SourceTitle "CBM 221 Extra"]
[Source "ChessBase"]
[SourceDate "2024.09.30"]
[SourceVersion "1"]
[SourceVersionDate "2024.09.30"]
[SourceQuality "1"]

1. Nf3 Nf6 2. b4 g6 3. Bb2 Bg7 4. c4 0-0 5. g3 d6 6. Bg2 c6 7. 0-0 a5 8. b5 e5 9. d3 Nbd7 10. a4 Nc5 11. Nbd2 Re8 12. Nb3 Ne6 13. Nfd2 Bd7 14. Rb1 h5 15. h4 Ng4 16. e4 Nc5 17. Nf3 Nf6 18. Nxc5 dxc5 19. Nxe5 Ng4 20. Nxd7 Qxd7 21. bxc6 bxc6 22. Bxg7 Kxg7 23. Qc2 Rad8 24. Rfd1 Qc7 25. Qc3+ Rd4 26. Bh3 Nf6 27. Re1 Kh7 28. Rb3 Rb8 29. e5 Ng4 30. Bxg4 hxg4 31. Rxb8 Qxb8 32. Qxa5 Rxd3 33. Qxc5 Qb2 34. e6 fxe6 35. Qe7+ Kh6 36. Qg5+ Kh7 37. Qxg4 Rd2 38. Rxe6 Rxf2 39. Qxg6+ Kh8 40. Re8+ Rf8 41. Rxf8# 1-0

[Event "Speed Chess (Women) Play In 3"]
[Site "Chess.com INT"]
[Date "2024.08.15"]
[Round "2"]
[White "Pragnya, HG."]
[Black "Agrest, Inna"]
[Result "0-1"]
[WhiteElo "2002"]
[BlackElo "2197"]
[PlyCount "130"]
[EventDate "2024.08.15"]
[EventType "swiss (blitz)"]
[EventRounds "11"]
[EventCountry "USA"]
[SourceTitle "CBM 221 Extra"]
[Source "ChessBase"]
[SourceDate "2024.09.30"]
[SourceVersion "1"]
[SourceVersionDate "2024.09.30"]
[SourceQuality "1"]

1. e4 e5 2. Nc3 Nc6 3. g3 Nf6 4. Bg2 Bc5 5. Nge2 d6 6. 0-0 a5 7. d3 a4 8. Nd5 h6 9. c3 0-0 10. d4 Ba7 11. Kh1 exd4 12. Nxd4 Re8 13. Nxf6+ Qxf6 14. Be3 Ne5 15. f4 Nc4 16. Bc1 Bd7 17. b3 Nb6 18. Bb2 c5 19. Ne2 c4 20. Ba3 Bc6 21. Qxd6 Qxd6 22. Bxd6 Bxe4 23. Bxe4 Rxe4 24. Nd4 Nd5 25. bxc4 Nxc3 26. Nb5 Nxb5 27. cxb5 Rd8 28. Rfd1 Rd4 29. Rxd4 Bxd4 30. Bc7 Re8 31. Rd1 Bc5 32. Rd8 Rxd8 33. Bxd8 b6 34. Kg2 Kf8 35. Bc7 Ke7 36. Be5 f6 37. Bc3 Ke6 38. Kf3 Kd5 39. Kg4 Kc4 40. Ba1 Kxb5 41. Kf5 Kb4 42. Kg6 Ka3 43. Kxg7 Kxa2 44. Bxf6 a3 45. Be5 Kb1 46. f5 a2 47. f6 a1Q 48. Bxa1 Kxa1 49. Kf7 b5 50. g4 b4 51. h4 b3 52. g5 hxg5 53. hxg5 b2 54. g6 b1Q 55. g7 Qb3+ 56. Kg6 Qg3+ 57. Kf7 Qc7+ 58. Kg6 Qg3+ 59. Kf7 Qb3+ 60. Kg6 Qb8 61. f7 Qd6+ 62. Kh7 Qh2+ 63. Kg8 Qa2 64. Kh8 Qxf7 65. g8Q Bd4+ 0-1